Status sistemático del género Geobatrachus ruthven 1915 (<Amphibia: Anura>) (Registro nro. 14355)

Detalles MARC
000 -CABECERA
Campo de control 003330000a22001090004500
090 ## - CLASIFICACIÓN LOCAL
Colección AS
Consecutivo Seriadas
041 0# - IDIOMA
Código de idioma para texto/pista de sonido o título separado
100 1# - ASIENTO PRINCIPAL--NOMBRE PERSONAL
Nombre personal Ardila Robayo, María Cristina
245 10 - MENCION DE TITULO
Título Status sistemático del género Geobatrachus ruthven 1915 (<Amphibia: Anura>)
773 1# - Item fuente:
Título Caldasia
Especificación de materiales 45
Descripción física 59
Paginas del Articulo 383-495
Lugar, editorial y fecha de publicación 1979
Información sobre la relación 12
942 ## - ELEMENTOS ADICIONALES (KOHA)
Tipo de ítem Artículo

No hay ítems disponibles.